Blasco Ibáñez, cineasta (Record no. 14129)

MARC details
000 -LEADER
campo de control de longitud fija 00928nam a2200253 i 4500
001 - NÚMERO DE CONTROL
campo de control 14129
003 - IDENTIFICADOR DE NÚMERO DE CONTROL
campo de control ES-MaACL
005 - FECHA Y HORA DE LA ÚLTIMA TRANSACCIÓN
campo de control 20230906150730.0
007 - CAMPO FIJO DE DESCRIPCIÓN FÍSICA--INFORMACIÓN GENERAL
campo de control de longitud fija t|
008 - DATOS DE LONGITUD FIJA--INFORMACIÓN GENERAL
campo de control de longitud fija 981006s1998 sp ||||1| spa d
020 ## - NÚMERO INTERNACIONAL ESTÁNDAR DEL LIBRO
Número Internacional Estándar del Libro 84-7795-163-2
080 ## - NÚMERO DE LA CLASIFICACIÓN DECIMAL UNIVERSAL
Número de la Clasificación Decimal Universal 821.134.2 Blasco Ibáñez, Vicente (064.3)
080 ## - NÚMERO DE LA CLASIFICACIÓN DECIMAL UNIVERSAL
Número de la Clasificación Decimal Universal 929 Blasco Ibáñez, Vicente (064.3)
080 ## - NÚMERO DE LA CLASIFICACIÓN DECIMAL UNIVERSAL
Número de la Clasificación Decimal Universal 791.44 Blasco Ibáñez, Vicente
245 00 - MENCIÓN DEL TÍTULO
Título Blasco Ibáñez, cineasta
Resto del título : Centre Cultural La Beneficencia, Diputació de València, del 17 de julio de 1998 al 31 de agosto de 1998.
260 ## - PUBLICACIÓN, DISTRIBUCIÓN, ETC.
Lugar de publicación, distribución, etc. València :
Nombre del editor, distribuidor, etc. Centre Cultural La Beneficència,
Fecha de publicación, distribución, etc. [1998]
300 ## - DESCRIPCIÓN FÍSICA
Extensión 97 p. :
Otras características físicas il. ;
Dimensiones 28 cm.
600 14 - PUNTO DE ACCESO ADICIONAL DE MATERIA--NOMBRE DE PERSONA
Nombre de persona Blasco Ibáñez, Vicente,
Fechas asociadas al nombre 1867-1928-
Subdivisión de forma Exposiciones
9 (RLIN) 29391
655 #7 - TERMINO DE INDIZACIÓN--GENERO/FORMA
Fuente del término tgfbne
9 (RLIN) 193628
Datos o término principal de género/forma Catálogos de exposiciones
710 2# - ENTRADA AGREGADA--NOMBRE DE ENTIDAD CORPORATIVA
Nombre de entidad corporativa o nombre de jurisdicción como elemento de entrada Centre Cultural La Beneficència.
9 (RLIN) 2540
852 ## - LOCALIZACIÓN
Ubicación ES-MaACL
Número de control de estantería L-21465
942 ## - ELEMENTOS DE ENTRADA SECUNDARIOS (KOHA)
Fuente del sistema de clasificación o colocación Clasificación decimal universal
Holdings
Estatus retirado Estado de pérdida Estado de daño No para préstamo Biblioteca de origen Biblioteca actual Ubicación en estantería Fecha de adquisición Fuente de adquisición Total de préstamos Signatura topográfica completa Código de barras Visto por última vez Precio de reemplazo Tipo de ítem Koha
        Biblioteca del Ateneo de Madrid Biblioteca del Ateneo de Madrid Depósito 2 17/01/2008     L-21465 1014374 23/02/2023 23/02/2023 Libro impreso